Organizácia osobného priestoru informačných zdrojov

Uložené v:
Podrobná bibliografia
Hlavný autor: Burger, Roman, 1989- (Autor)
Ďalší autori: Bieliková, Mária, 1966- (Vedúci práce)
Médium: Rukopis Kniha
Jazyk:Slovak
Vydavateľské údaje: Bratislava : STU v Bratislave FIIT, 2013
Predmet:
On-line prístup:VAIS
Tagy: Pridať tag
Žiadne tagy, Buďte prvý, kto otaguje tento záznam!

MARC

LEADER 00000ntm a22000003a 4500
001 stu275554
005 20150617230236.3
008 131003s2013----xo------------------slo-d
040 |a STU  |b slo 
041 0 |a slo 
044 |a xo 
100 1 |a Burger, Roman,  |d 1989-  |4 aut  |u I200  |U FIIT Fakulta informatiky a informačných technológií  |T FIIT Ústav informatiky a softvérového inžinierstva  |X 56132  |U I200  |Y 179  |7 A000056132 
242 0 0 |a Personalized reading resources organization  |y eng 
245 1 |a Organizácia osobného priestoru informačných zdrojov 
260 |a Bratislava :  |b STU v Bratislave FIIT,  |c 2013 
300 |a 57 s  |c príl, 
650 7 |a softvérové inžinierstvo  |2 stusub 
650 7 |a Software Engineering  |2 estusub 
650 7 |a clustering  |2 estusub 
650 7 |a zhlukovanie  |2 stusub 
700 1 |a Bieliková, Mária,  |d 1966-  |4 ths  |u I200  |U FIIT Fakulta informatiky a informačných technológií  |T FIIT Ústav informatiky a softvérového inžinierstva  |X 1871  |U I200  |Y 179  |7 A000001871 
856 4 |a info a plný text  |u http://is.stuba.sk/zp/portal_zp.pl?podrobnosti=91206  |3 VAIS 
996 |b IDP98/13  |c I*DP98/13  |l II680  |s A  |a 24  |w stu275554_0001